1584 1184 1174 1267 1040 1636 1846 1980 1245 1267 1078 1515 1017 1809 1902 1417 1886 1756 1237 1307 1134 1827 1875 1858 1630 1143 1748 1871 1733 1636 1625 1120 1654 1571 1900 1168 1822 1014 1801 1817 1999 1139 1619 1511 1689 1987 1199 1824 1984 1744 1273 1917 1908 1791 1804 1139 1568 1547 1289 1539 1204 1292 1633 1256 1511 1498 1913 1879 1346 1528 1277 1951 1946 1031 1555 1213 1095 1162 1621 1344 1418 1916 1257 1149 1463 1752 1344 1585 1200 1525 1186 1514 1243 1010 1093 1997 1196 1842 1707 BCNSPRNW ULIB Ver.6.0+V

เปลี่ยนเป็นภาษาไทย

Change to English
 แสดงรายละเอียดบรรณานุกรม
  กลับหน้าหลัก

Brief Record : Get Marc (ISO 2709) : E-mail record : QR code < ปิดหน้าต่าง
LEADER : 00000nam 2200000uu 4500
001    13399112334
003     ULIB
008    110627s2553||||th 000 0 tha d
020    9786165010054
090    นว.^bห481ร 2553
100 0  หัสบรรณ
245 00 รักนี้...โบกี้สุดท้าย/^cหัสบรรณ
250    พิมพ์ครั้งที่ 1
260    กรุงเทพฯ :^bPrincess,^c2553
300    256 หน้า
710 1  Princess
945    ^p180^l0^i030394
995    ทศพร
999 ^a ใช้งานได้ทุกระบบ
รายการนี้ยังไม่มีแท็ก
คุณยังไม่ได้ล็อกอิน คุณสามารถมีกิจกรรมร่วมกับเว็บไซต์ได้ แต่ต้องล็อกอินก่อน ::
  ล็อกอิน

รายการสื่อสารสนเทศ

ลำดับที่ ประเภท เลขเรียก/บาร์โค้ด สถานที่ สถานะ
- ไม่พบข้อมูล -

รายการใกล้เคียง
    ผู้แต่ง [หัสบรรณ]

BibComment


ยังไม่เคยถูกคอมเมนท์

คอมเมนท์ทรัพยากรรายการนี้
  คอมเมนท์: รักนี้โบกี้สุดท้า..


 Copyright 2026. Bcnsprnw @Library